[Event "Valby K41 op 0910"]
[Site "Valby"]
[Date "2010.01.19"]
[Round "5"]
[White "Nielsen, Michael1111"]
[Black "Gjedde, Thomas"]
[Result "0-1"]
[WhiteElo "2053"]
[BlackElo "2057"]
[PlyCount "90"]
[EventDate "2009.11.03"]
[EventType "swiss"]
[EventRounds "9"]
[EventCountry "DEN"]
[SourceTitle "EXT 2018"]
[Source "ChessBase"]
[SourceDate "2017.10.13"]
[SourceVersion "1"]
[SourceVersionDate "2017.10.13"]
[SourceQuality "1"]

1. d4 d5 2. c4 e6 3. Nc3 Nf6 4. cxd5 exd5 5. Nf3 Be7 6. Bf4 c6 7. e3 Nbd7 8. Bd3 0-0 9. Qc2 Re8 10. 0-0-0 Nf8 11. h4 a6 12. Ne5 Be6 13. g4 N6d7 14. h5 c5 15. g5 cxd4 16. exd4 Bxg5 17. Bxg5 Qxg5+ 18. Kb1 Nxe5 19. dxe5 Qxe5 20. h6 g6 21. Rde1 Qf6 22. Qd2 Red8 23. Ka1 Rac8 24. f4 Rc7 25. f5 gxf5 26. Ne2 Ng6 27. Rhg1 Rdc8 28. Bb1 Kh8 29. Ng3 Rc4 30. Nh5 Qd4 31. Qg5 Qh4 32. Qxh4 Nxh4 33. Rg7 Rg4 34. Rh1 Nf3 35. Rf1 Nd2 36. Rg1 Rxg1 37. Rxg1 Rg8 38. Rxg8+ Kxg8 39. Nf6+ Kh8 40. Bd3 Nf3 41. b4 Ne5 42. Be2 f4 43. Nh5 f3 44. Bf1 Ng4 45. a4 Ne3 0-1

[Event "Valby K41 op 0910"]
[Site "Valby"]
[Date "2009.11.03"]
[Round "1"]
[White "Nielsen, Jorgen Holmstrom"]
[Black "Gjedde, Thomas"]
[Result "0-1"]
[WhiteElo "1650"]
[BlackElo "2057"]
[PlyCount "129"]
[EventDate "2009.11.03"]
[EventType "swiss"]
[EventRounds "9"]
[EventCountry "DEN"]
[SourceTitle "EXT 2018"]
[Source "ChessBase"]
[SourceDate "2017.10.13"]
[SourceVersion "1"]
[SourceVersionDate "2017.10.13"]
[SourceQuality "1"]

1. Nc3 e5 2. Nf3 Nc6 3. d4 exd4 4. Nxd4 Nf6 5. Bg5 Bc5 6. e3 h6 7. Bh4 Bb4 8. Be2 d6 9. 0-0 g5 10. Nxc6 bxc6 11. Bg3 h5 12. f4 g4 13. Bh4 d5 14. Qd4 Be7 15. Rad1 Rg8 16. Qe5 Qd6 17. Bxf6 Qxf6 18. Qxh5 Rh8 19. Qe5 Qh6 20. f5 Kf8 21. Qf4 Bd7 22. Qxh6+ Rxh6 23. Bxg4 Bc5 24. Rf3 Rb8 25. b3 Re8 26. Rd3 Bc8 27. Na4 Bd6 28. Rh3 Rxh3 29. Bxh3 Ba6 30. Rd2 Rxe3 31. g3 Bb5 32. Kf2 Re5 33. Bg4 Bxa4 34. bxa4 Re4 35. h3 Rxa4 36. Bf3 Rxa2 37. g4 Kg7 38. h4 f6 39. Ke3 Bg3 40. Kd4 Ra4+ 41. Kd3 Ra3+ 42. Ke2 Bxh4 43. c4 Bg5 44. Rd1 Bf4 45. cxd5 c5 46. Rb1 a5 47. Rb8 c4 48. d6 Ra2+ 49. Kf1 Bxd6 50. Bd5 Ra4 51. Kg2 c3 52. Rg8+ Kh7 53. g5 c2 54. g6+ Kh6 55. Rh8+ Kg5 56. g7 Rg4+ 57. Kf3 Rg3+ 58. Ke4 Rg4+ 59. Kf3 Rg3+ 60. Ke4 Re3+ 61. Kxe3 c1Q+ 62. Ke2 Qb2+ 63. Kd3 Qa3+ 64. Ke2 Qb2+ 65. Kd3 0-1

[Event "Valby K41 Aabent-ch 0809"]
[Site "Valby"]
[Date "2009.03.03"]
[Round "9"]
[White "Gjedde, Thomas"]
[Black "Rasmussen, Morten"]
[Result "1-0"]
[WhiteElo "1966"]
[BlackElo "1724"]
[PlyCount "91"]
[EventDate "2008.11.11"]
[EventType "swiss"]
[EventRounds "9"]
[EventCountry "DEN"]
[SourceTitle "EXT 2023"]
[Source "ChessBase"]
[SourceDate "2022.10.05"]
[SourceVersion "1"]
[SourceVersionDate "2022.10.05"]
[SourceQuality "1"]

1. d4 d5 2. c4 Nc6 3. Nc3 dxc4 4. d5 Ne5 5. Bf4 Ng6 6. Bg3 e5 7. e4 Nf6 8. Bxc4 Bd6 9. Nf3 a6 10. 0-0 0-0 11. Nd2 Qe7 12. Re1 Nf4 13. Bxf4 exf4 14. e5 Bxe5 15. Nf3 Nd7 16. Qe2 Re8 17. d6 cxd6 18. Nd5 Qd8 19. Rac1 b5 20. Bd3 Ra7 21. Qc2 g6 22. Nxe5 dxe5 23. Qxc8 Qxc8 24. Rxc8 Rxc8 25. Ne7+ Kf8 26. Nxc8 Rc7 27. Nd6 f5 28. Nxb5 axb5 29. Bxb5 Ke7 30. a4 e4 31. h4 Ne5 32. Rd1 Rb7 33. b3 h6 34. Kf1 g5 35. hxg5 hxg5 36. Ke2 f3+ 37. gxf3 Nxf3 38. Bc4 Kf6 39. Rd5 Rh7 40. a5 Rh1 41. Rd1 Rxd1 42. Kxd1 Nd4 43. b4 Ke5 44. a6 Nc6 45. b5 Na7 46. b6 1-0

[Event "Valby K41 Spring-C"]
[Site "Valby"]
[Date "2007.05.01"]
[Round "5"]
[White "Gjedde, Thomas"]
[Black "Jorgensen, Kasper Moller"]
[Result "1-0"]
[WhiteElo "1950"]
[BlackElo "1857"]
[PlyCount "77"]
[EventDate "2007.03.13"]
[EventType "tourn"]
[EventRounds "7"]
[EventCountry "DEN"]
[SourceTitle "EXT 2023"]
[Source "ChessBase"]
[SourceDate "2022.10.05"]
[SourceVersion "1"]
[SourceVersionDate "2022.10.05"]
[SourceQuality "1"]

1. d4 d5 2. c4 e6 3. Nf3 Nf6 4. Nc3 Nbd7 5. Bg5 Be7 6. e3 0-0 7. Bd3 c6 8. 0-0 dxc4 9. Bxc4 Nd5 10. Bxe7 Qxe7 11. Rc1 Nxc3 12. Rxc3 e5 13. dxe5 Nxe5 14. Nxe5 Qxe5 15. Qb3 b5 16. Bd3 Bb7 17. Qc2 h6 18. Be4 Rac8 19. Rc5 Qf6 20. Rc1 Rfd8 21. Bh7+ Kh8 22. Bf5 Rb8 23. Bg4 Rd6 24. Rf5 Qg6 25. Bh5 Qe6 26. Rxf7 Qe5 27. Qe2 c5 28. f4 Qe6 29. b3 a5 30. Rxc5 Rbd8 31. Re5 Qxf7 32. Bxf7 Rd2 33. Re8+ Rxe8 34. Qxd2 Rc8 35. Bd5 Bxd5 36. Qxd5 Rc1+ 37. Kf2 Rc2+ 38. Kf3 Rxa2 39. Qxb5 1-0

[Event "Valby K41 Spring-C"]
[Site "Valby"]
[Date "2007.03.20"]
[Round "3"]
[White "Gjedde, Thomas"]
[Black "Nielsen, John Holm"]
[Result "0-1"]
[WhiteElo "1950"]
[BlackElo "1933"]
[PlyCount "132"]
[EventDate "2007.03.13"]
[EventType "tourn"]
[EventRounds "7"]
[EventCountry "DEN"]
[SourceTitle "EXT 2023"]
[Source "ChessBase"]
[SourceDate "2022.10.05"]
[SourceVersion "1"]
[SourceVersionDate "2022.10.05"]
[SourceQuality "1"]

1. d4 d5 2. Nf3 Nf6 3. c4 c6 4. Nc3 dxc4 5. a4 Bf5 6. e3 e6 7. Bxc4 Bb4 8. 0-0 0-0 9. Qe2 Bg4 10. Rd1 Qe7 11. e4 h6 12. e5 Nd5 13. Ne4 Nd7 14. Ng3 Rfd8 15. h3 Bxf3 16. Qxf3 Nf8 17. Qg4 Kh8 18. Nh5 f5 19. exf6 Nxf6 20. Nxf6 Qxf6 21. Qe4 Rd7 22. Bf4 Rf7 23. Bg3 Rd8 24. Rd3 Rfd7 25. Be5 Qf5 26. Qe2 Bd6 27. Rf3 Qh7 28. Bd3 Qg8 29. Qe4 Nh7 30. h4 Bxe5 31. dxe5 Rd4 32. Qxh7+ Qxh7 33. Bxh7 Kxh7 34. Rf7 R8d7 35. Rxd7 Rxd7 36. Kf1 Kg6 37. g3 Kf5 38. Re1 Rd5 39. f4 Rd3 40. Kf2 Kg4 41. Re3 Rd2+ 42. Ke1 Rxb2 43. Rd3 g5 44. Rd6 gxf4 45. gxf4 Kf5 46. Rd4 a5 47. Rd7 Kxf4 48. Rh7 Kxe5 49. Rxh6 b5 50. Rh5+ Kd6 51. Rg5 e5 52. h5 bxa4 53. Kd1 Rb4 54. h6 Rh4 55. Rg6+ Kd5 56. Kc2 Rh3 57. Kb2 a3+ 58. Ka2 c5 59. Ra6 e4 60. Rxa5 Rxh6 61. Rxa3 Rb6 62. Ra8 e3 63. Re8 Re6 64. Rd8+ Kc4 65. Rd1 e2 66. Re1 Kd3 0-1

[Event "Valby K41 Autumn op"]
[Site "Valby"]
[Date "2006.10.31"]
[Round "7"]
[White "Eriksson, Christian Altenburg"]
[Black "Gjedde, Thomas"]
[Result "0-1"]
[WhiteElo "1982"]
[BlackElo "1970"]
[PlyCount "118"]
[EventDate "2006.09.12"]
[EventType "swiss"]
[EventRounds "7"]
[EventCountry "DEN"]
[SourceTitle "EXT 2018"]
[Source "ChessBase"]
[SourceDate "2017.10.13"]
[SourceVersion "1"]
[SourceVersionDate "2017.10.13"]
[SourceQuality "1"]

1. e4 e5 2. Nf3 Nc6 3. d4 exd4 4. Nxd4 Nf6 5. Nxc6 bxc6 6. e5 Nd5 7. c4 Nb6 8. b3 g6 9. h4 Bg7 10. Bb2 Qe7 11. f4 d6 12. Nd2 h5 13. Nf3 Bg4 14. Be2 Rd8 15. Qc1 0-0 16. Qe3 Rfe8 17. 0-0-0 dxe5 18. fxe5 Rxd1+ 19. Rxd1 f6 20. Bd3 Kh7 21. Qe4 Bf5 22. Qxc6 Bxd3 23. Rxd3 fxe5 24. Ng5+ Kh6 25. Qe4 Bf6 26. Kc2 Nd7 27. Rg3 Nc5 28. Qe3 Nb7 29. Bc1 Kg7 30. Ne4 Rh8 31. Bb2 Bxh4 32. Rf3 Nd6 33. g3 Nxe4 34. Qxe4 Bf6 35. Rxf6 Kxf6 36. Bxe5+ Qxe5 37. Qc6+ Kg5 38. Qd7 Re8 39. b4 Qe4+ 40. Kb3 Qe3+ 41. Ka4 Qe6 42. Qd2+ Kf6 43. Qf4+ Kg7 44. Qxc7+ Re7 45. Qf4 Qc6+ 46. Kb3 Qe6 47. Qd4+ Kh7 48. Ka4 Qa6+ 49. Kb3 Qe6 50. Ka4 a6 51. a3 Qc6+ 52. Kb3 Rd7 53. Qe3 Qd6 54. Kc3 Re7 55. Qf3 Qe5+ 56. Kd2 Qe1+ 57. Kd3 Rd7+ 58. Kc2 Qd2+ 59. Kb1 Qd3+ 0-1

[Event "Valby K41 Autumn op"]
[Site "Valby"]
[Date "2006.10.03"]
[Round "4"]
[White "Nielsen, John Holm"]
[Black "Gjedde, Thomas"]
[Result "1-0"]
[WhiteElo "2068"]
[BlackElo "1970"]
[PlyCount "43"]
[EventDate "2006.09.12"]
[EventType "swiss"]
[EventRounds "7"]
[EventCountry "DEN"]
[SourceTitle "EXT 2018"]
[Source "ChessBase"]
[SourceDate "2017.10.13"]
[SourceVersion "1"]
[SourceVersionDate "2017.10.13"]
[SourceQuality "1"]

1. Nc3 d5 2. e4 d4 3. Nce2 e5 4. Ng3 Nc6 5. Nf3 Be6 6. Bb5 f6 7. 0-0 Qd6 8. c3 0-0-0 9. Bxc6 Qxc6 10. cxd4 exd4 11. d3 Qb5 12. Ne2 Bc5 13. Qc2 g5 14. Bd2 g4 15. Nh4 Ne7 16. Rfc1 Bb6 17. a4 Qh5 18. a5 Qxh4 19. axb6 c6 20. bxa7 Kc7 21. Bf4+ Kd7 22. Qc5 1-0

[Event "Valby K41 Autumn op"]
[Site "Valby"]
[Date "2006.09.26"]
[Round "3"]
[White "Andersen, Daniel"]
[Black "Gjedde, Thomas"]
[Result "1-0"]
[WhiteElo "1908"]
[BlackElo "1970"]
[PlyCount "75"]
[EventDate "2006.09.12"]
[EventType "swiss"]
[EventRounds "7"]
[EventCountry "DEN"]
[SourceTitle "EXT 2018"]
[Source "ChessBase"]
[SourceDate "2017.10.13"]
[SourceVersion "1"]
[SourceVersionDate "2017.10.13"]
[SourceQuality "1"]

1. c4 e5 2. g3 Nf6 3. Bg2 d5 4. cxd5 Nxd5 5. Nf3 Nc6 6. d3 Be7 7. 0-0 0-0 8. a3 Be6 9. b4 a5 10. b5 Nd4 11. Nxd4 exd4 12. Bb2 Bc5 13. a4 Qd7 14. Nd2 Bb6 15. Nc4 Rad8 16. Qd2 Bc5 17. Ba3 Bxa3 18. Nxa3 Bh3 19. Nc4 Bxg2 20. Kxg2 Rfe8 21. Nxa5 Re6 22. h3 Rde8 23. Rfe1 Ne3+ 24. fxe3 Rxe3 25. Nc4 Qd5+ 26. Kh2 Qf5 27. Nxe3 dxe3 28. Qb4 Qf2+ 29. Kh1 Qxg3 30. Qg4 Qe5 31. Rf1 Qd5+ 32. Qf3 Qd7 33. Qf5 Re6 34. a5 g6 35. Qf3 Re5 36. a6 Rh5 37. Kh2 Qd6+ 38. Qg3 1-0

[Event "Valby K41 Autumn op"]
[Site "Valby"]
[Date "2006.09.12"]
[Round "1"]
[White "Madsen, Poul Henrik"]
[Black "Gjedde, Thomas"]
[Result "1-0"]
[WhiteElo "2116"]
[BlackElo "1970"]
[PlyCount "77"]
[EventDate "2006.09.12"]
[EventType "swiss"]
[EventRounds "7"]
[EventCountry "DEN"]
[SourceTitle "EXT 2018"]
[Source "ChessBase"]
[SourceDate "2017.10.13"]
[SourceVersion "1"]
[SourceVersionDate "2017.10.13"]
[SourceQuality "1"]

1. d4 d5 2. Nf3 Nf6 3. e3 e6 4. Bd3 Nbd7 5. 0-0 c5 6. b3 Bd6 7. Bb2 0-0 8. Nbd2 Qe7 9. Ne5 cxd4 10. exd4 Bxe5 11. dxe5 Ne8 12. a4 g6 13. Nf3 Ng7 14. Qd2 Ne8 15. a5 Rb8 16. Qh6 Nc5 17. Ba3 b6 18. axb6 axb6 19. Bb4 f5 20. exf6 Nxf6 21. Ne5 Qg7 22. Qxg7+ Kxg7 23. Rfe1 Kg8 24. Bb5 Nfe4 25. f3 Nd6 26. Bc6 Nf5 27. Ra7 Nd4 28. Bc3 Nf5 29. b4 Nb7 30. Nd7 Bxd7 31. Bxd7 d4 32. Bxe6+ Kg7 33. Bb2 Rfd8 34. g4 Nh4 35. Kf2 Kf6 36. Bc4 Rd6 37. Re4 b5 38. Bxb5 Nd8 39. c4 1-0

[Event "Copenhagen K41 Weekend 1st"]
[Site "Copenhagen"]
[Date "2006.02.18"]
[Round "3"]
[White "Jensen, Kim Roper"]
[Black "Gjedde, Thomas"]
[Result "1/2-1/2"]
[WhiteElo "1941"]
[BlackElo "1896"]
[PlyCount "89"]
[EventDate "2006.02.17"]
[EventType "tourn"]
[EventRounds "5"]
[EventCountry "DEN"]
[SourceTitle "EXT 2023"]
[Source "ChessBase"]
[SourceDate "2022.10.05"]
[SourceVersion "1"]
[SourceVersionDate "2022.10.05"]
[SourceQuality "1"]

1. d4 d5 2. Nf3 Nf6 3. g3 e6 4. c4 Nbd7 5. Bg2 Be7 6. 0-0 0-0 7. Qc2 b6 8. cxd5 exd5 9. Qc6 Ba6 10. Nc3 Bb4 11. Qa4 Bxc3 12. Qxa6 Bb4 13. Qa4 Bd6 14. Qc6 Re8 15. Re1 Nf8 16. Bg5 Qd7 17. Rac1 Qxc6 18. Rxc6 Ne4 19. Bf4 Ne6 20. Bxd6 Nxd6 21. e3 Ne4 22. Rec1 Rad8 23. Bh3 N4g5 24. Nxg5 Nxg5 25. Kg2 Ne4 26. Rxc7 g6 27. Rxa7 f5 28. Rcc7 Rc8 29. Rg7+ Kh8 30. Rxh7+ Kg8 31. Rhc7 Ng5 32. Bxf5 Rxc7 33. Rxc7 gxf5 34. Rc6 Re6 35. Rc8+ Kg7 36. Rd8 Rc6 37. Rxd5 Kf6 38. Rb5 Ne4 39. Re5 Rc2 40. g4 Rxf2+ 41. Kg1 Rxb2 42. gxf5 Ng5 43. Rd5 Nf3+ 44. Kf1 Rd2 45. Rb5 1/2-1/2

[Event "Odysseus Autumn B"]
[Site "Soborg"]
[Date "2003.10.09"]
[Round "5"]
[White "Neesgaard Madsen, Helge"]
[Black "Gjedde, Thomas"]
[Result "1/2-1/2"]
[WhiteElo "1720"]
[BlackElo "1721"]
[PlyCount "36"]
[EventDate "2003.09.11"]
[EventType "tourn"]
[EventRounds "5"]
[EventCountry "DEN"]
[SourceTitle "EXT 2023"]
[Source "ChessBase"]
[SourceDate "2022.10.05"]
[SourceVersion "1"]
[SourceVersionDate "2022.10.05"]
[SourceQuality "1"]

1. e4 e5 2. Nf3 Nc6 3. Nc3 Nf6 4. Bb5 d6 5. d3 Be7 6. Bg5 0-0 7. Bxf6 Bxf6 8. Nd5 Bg4 9. h3 Bxf3 10. Qxf3 Nd4 11. Nxf6+ Kh8 12. Qh5 Qxf6 13. Ba4 Ne6 14. Bb3 Ng5 15. Qg4 Rae8 16. g3 Ne6 17. Bxe6 fxe6 18. 0-0 Qf3 1/2-1/2